000 00390nam a2200145Ia 4500
005 20251222152610.0
008 251222s9999||||xx |||||||||||||| ||spa||
020 _a9789972234750
082 _a343.8/G84
100 _aGuapaya Garriazo, Pablo José
245 0 _aCriterios Jurisprudenciales sobre Gastos Deducibles
250 _a1ra.ed.
264 _bPacifico Editores S.A.
942 _cLIB
999 _c26924
_d26924